000 00571nam a2200193Ia 4500
005 20250508154520.0
008 008 250505s9999 xx 000 0 eng d
037 _aBooks to be hide in OPAC
040 _aFEDL
_beng
_cFEDL
041 _aeng
_2eng
084 _a060, GAN
_qFEDL
100 _aGangal S.C.
_9765558
245 0 _aStudies in International organisation
260 _aBombay, India
_bVora and Company Publishers Private Limited
_c1961
300 _a140p.
650 _aMuseology
_9757277
942 _cHB
_h060, GAN
999 _c1350713
_d1350713